000 00302nam a22001217a 4500
008 260504b |||||||| |||| 00| 0 eng d
082 _a001661
100 _aBhajanananda, Swamy
245 _aYoga Mathu Adhyatmika Sadhane
260 _aMysore
_bRamakrishna Ashrama
_c2023
300 _a149p
942 _2ddc
999 _c1408
_d1408